[Event "Challenge"]
[Site "http://www.queenalice.com/game.php?id=953069"]
[Date "2011.6.23"]
[Round "-"]
[White "fabianobueno21"]
[Black "BB_BB"]
[Result "1-0"]
[WhiteElo "1933"]
[BlackElo "1018"]

1. e4 e6 2. d4 Bd6 3. Nf3 Nf6 4. e5 Be7 5. exf6 Bxf6 6. Bb5 O-O 7. O-O Bxd4 8.
Qxd4 Qe8 9. Qg4 Qe7 10. Bh6 Qe8 11. Qxg7# 1-0

[Event "Challenge"]
[Site "http://www.queenalice.com/game.php?id=953070"]
[Date "2011.6.23"]
[Round "-"]
[White "BB_BB"]
[Black "fabianobueno21"]
[Result "1/2-1/2"]
[WhiteElo "1065"]
[BlackElo "1935"]

1. d4 d5 2. Qd3 c6 3. Nf3 h6 4. Qd1 Nf6 5. Bd2 Qb6 6. Ne5 Qxb2 7. Bb4 Qxa1 8.
Nd3 Qxd4 9. Bc5 Qe4 10. f3 Qe6 11. Nd2 Na6 12. Ba3 Qd7 13. Bb2 Qd8 14. g3 e6 15.
Bg2 Be7 16. Nf2 O-O 17. O-O Qc7 18. f4 Bd6 19. Bh3 e5 20. fxe5 1/2-1/2

[Event "AUTO-BEG-496"]
[Site "http://www.queenalice.com/game.php?id=963737"]
[Date "2011.7.23"]
[Round "1"]
[White "Pantaleon"]
[Black "BB_BB"]
[Result "1-0"]
[WhiteElo "1501"]
[BlackElo "1065"]

1. e4 e6 2. d4 Be7 3. Nc3 Bh4 4. Nf3 Nh6 5. Nxh4 O-O 6. Bxh6 gxh6 7. Qg4+ Kh8 8.
d5 Rg8 9. Qf4 Na6 10. O-O-O Qe7 11. Bc4 Nb4 12. dxe6 Nxa2+ 13. Bxa2 Qb4 14. exf7
Qa5 15. fxg8=Q# 1-0

[Event "AUTO-BEG-496"]
[Site "http://www.queenalice.com/game.php?id=963738"]
[Date "2011.7.23"]
[Round "1"]
[White "BB_BB"]
[Black "Pantaleon"]
[Result "0-1"]
[WhiteElo "1065"]
[BlackElo "1526"]

1. e3 d5 2. Be2 c5 3. Nh3 Bxh3 4. Nc3 Bxg2 5. Rg1 Be4 6. Rg4 Nf6 7. Na4 Nxg4 8.
Bxg4 e6 9. Qe2 Bd6 10. Bh5 Qg5 11. Kf1 Bg2+ 12. Kg1 Bf3+ 13. Kf1 Bxe2+ 14. Bxe2
O-O 15. b3 Nc6 0-1

[Event "Challenge"]
[Site "http://www.queenalice.com/game.php?id=978836"]
[Date "2011.8.30"]
[Round "-"]
[White "BB_BB"]
[Black "fabianobueno21"]
[Result "1/2-1/2"]
[WhiteElo "980"]
[BlackElo "1982"]

1. e3 e5 2. a4 d5 3. Qh5 Qf6 4. Bb5+ c6 5. Bd3 Bc5 6. Nf3 e4 7. Ra2 exd3 8. cxd3
Qf5 9. Qxf5 Bxf5 10. h4 Bxd3 11. Rh3 Bxb1 12. Ra1 Be4 13. Ne5 Bxg2 14. Rg3 Be4
15. Rg4 g6 16. f4 Nf6 17. Rg5 Nbd7 18. b3 Nxe5 19. Rxe5+ Kd7 20. Bb2 Nh5 21. Bc3
Rae8 22. Rc1 Rxe5 23. fxe5 Rf8 24. Ba5 Ba3 25. Ra1 Bb2 26. Ra2 Bxe5 27. Bb4 Re8
28. Ra1 Bxa1 29. Bc5 b6 30. Bb4 Bc2 31. Ba3 Bxb3 32. Bc1 Bxa4 33. d4 Re4 34. Bd2
Bxd4 35. Ke2 Bc5 36. Kf2 1/2-1/2